| 000 | 01215cam a22003134a 4500 | ||
|---|---|---|---|
| 001 | 12117447 | ||
| 005 | 20171126110038.0 | ||
| 008 | 000724s2001 paua b 001 0 eng | ||
| 010 | _a 00060200 | ||
| 020 | _a9780812217490 | ||
| 020 | _a0812217497 (pbk. : alk. paper) | ||
| 040 |
_aDLC _cDLC _dDLC |
||
| 042 | _apcc | ||
| 043 | _aaw----- | ||
| 082 | 0 | 0 |
_a305.4209 _bWOM _221 |
| 245 | 0 | 0 |
_aWomen and power in the Middle East / _cedited by Suad Joseph and Susan Slyomovics. |
| 260 |
_aPhiladelphia, PA : _bUniversity of Pennsylvania Press, _cc2001. |
||
| 300 |
_avi, 237 p. : _bill. ; _c24 cm. |
||
| 504 | _aIncludes bibliographical references (p. [219]-230) and index. | ||
| 650 | 0 |
_aWomen in politics _zMiddle East. _93771 _2BUEsh |
|
| 650 | 0 |
_aWomen _zMiddle East _xHistory. _93772 _2BUEsh |
|
| 650 | 0 |
_aFeminism _zMiddle East. _93774 _2BUEsh |
|
| 651 | _2BUEsh | ||
| 650 | 0 |
_93773 _aWomen _zMiddle East _xSocial conditions _2BUEsh |
|
| 700 | 1 |
_aJoseph, Suad. _93775 |
|
| 700 | 1 |
_aSlyomovics, Susan. _93776 |
|
| 942 |
_2ddc _cNB |
||
| 999 |
_c11003 _d11003 |
||